000 00727nam a2200229Ia 4500
003 OSt
005 20220928125623.0
006 a|||||r|||| 00| 0
007 ta
008 220927b |||||||| |||| 00| 0 eng d
024 _a44697
037 _cTextual
040 _aSDCL
_cSDCL
_beng
041 _2eng
_aeng
082 _aX9(J):9.2'N74t, L8
100 _aIndia,Labour (Min of),Rural Labour Enquiry(1974-75)
_9470561
245 0 _aFinal report on indebtedness among rural labour households
260 _aChandigarh
_bMinistry of Labour
_c1978
300 _axviii,332p
_ccm.
942 _hX9(J):9.2'N74t, L8
_cTEXL
_2CC
999 _c783269
_d783269